[Event "BL 0506 TV Tegernsee - SG Köln Porz"]
[Site "?"]
[Date "2005.10.22"]
[Round "1.3"]
[White "Vaganian, Rafael A"]
[Black "Ribli, Zoltan"]
[Result "1/2-1/2"]
[WhiteElo "2614"]
[BlackElo "2585"]
[PlyCount "46"]
[EventDate "2005.??.??"]

1. d4 Nf6 2. c4 e6 3. Nf3 d5 4. Nc3 dxc4 5. e4 Bb4 6. Bg5 c5 7. Bxc4 cxd4 8.
Nxd4 Bxc3+ 9. bxc3 Qa5 10. Bb5+ Bd7 11. Bxf6 gxf6 12. Bxd7+ Nxd7 13. O-O a6 14.
Rb1 Qc7 15. Qd2 Rc8 16. Rfd1 b5 17. Nf3 Ke7 18. Rb4 Rhd8 19. Rd4 e5 20. Rd6 Nc5
21. Nh4 Nxe4 22. Nf5+ Ke8 23. Ng7+ Ke7 1/2-1/2

[Event "BL 0506 TV Tegernsee - SG Köln Porz"]
[Site "?"]
[Date "2005.10.22"]
[Round "1.4"]
[White "Bischoff, Klaus"]
[Black "Timman, Jan H"]
[Result "1-0"]
[WhiteElo "2555"]
[BlackElo "2630"]
[PlyCount "79"]
[EventDate "2005.??.??"]

1. c4 e5 2. Nc3 Nf6 3. Nf3 Nc6 4. d3 Bb4 5. Bd2 O-O 6. e3 Re8 7. Be2 a5 8. O-O
d5 9. cxd5 Nxd5 10. Qc2 Bg4 11. h3 Bh5 12. a3 Bxc3 13. Bxc3 Qd6 14. Rfd1 a4 15.
Rac1 f5 16. Be1 h6 17. Qc4 Bf7 18. Qb5 Nb6 19. d4 e4 20. Nd2 Qd7 21. b4 f4 22.
Qc5 Nd5 23. Nc4 f3 24. Bf1 fxg2 25. Bxg2 Qf5 26. b5 Nce7 27. b6 Bh5 28. bxc7
Bf3 29. Kh2 Bxg2 30. Kxg2 Ng6 31. Ne5 Ngf4+ 32. exf4 Nxf4+ 33. Kg3 Ne2+ 34. Kh2
Kh7 35. Rc3 Qf4+ 36. Rg3 Rf8 37. Qc2 Nxg3 38. fxg3 Qe3 39. Nc4 Qf3 40. Nd6 1-0

[Event "BL 0506 TV Tegernsee - SG Köln Porz"]
[Site "?"]
[Date "2005.10.22"]
[Round "1.6"]
[White "Kindermann, Stefan"]
[Black "Gurevich, Mikhail"]
[Result "1/2-1/2"]
[WhiteElo "2535"]
[BlackElo "2652"]
[PlyCount "35"]
[EventDate "2005.??.??"]

1. e4 e6 2. d4 d5 3. Nc3 Nf6 4. Bg5 dxe4 5. Nxe4 Nbd7 6. Nf3 Be7 7. Nxf6+ Bxf6
8. Bxf6 Nxf6 9. c3 O-O 10. Be2 b6 11. Ne5 Bb7 12. Bf3 Bd5 13. O-O c5 14. c4
Bxf3 15. Nxf3 Qc7 16. Qe2 cxd4 17. Nxd4 Rfd8 18. Rfd1 1/2-1/2

[Event "BL 0506 TV Tegernsee - SG Köln Porz"]
[Site "?"]
[Date "2005.10.22"]
[Round "1.7"]
[White "Van den Doel, Erik"]
[Black "Hertneck, Gerald"]
[Result "1/2-1/2"]
[WhiteElo "2582"]
[BlackElo "2539"]
[PlyCount "133"]
[EventDate "2005.??.??"]

1. e4 e6 2. d4 d5 3. Nc3 Nf6 4. Bg5 dxe4 5. Nxe4 Be7 6. Bxf6 gxf6 7. Nf3 b6 8.
Bd3 Bb7 9. O-O Nd7 10. Qe2 O-O 11. Rad1 Kh8 12. c4 Rg8 13. d5 Qe8 14. Bc2 Nf8
15. Ng3 Rd8 16. Nd4 Bc5 17. Qf3 Qe7 18. Rfe1 Ng6 19. a3 Ne5 20. Qh5 Rg7 21. Qh4
Ng6 22. Qh6 Bxd4 23. Rxd4 Qf8 24. Bxg6 Rxg6 25. Qxf8+ Rxf8 26. dxe6 fxe6 27.
Rxe6 Bc8 28. Re1 Rfg8 29. f3 f5 30. Re5 Re6 31. Re2 Rxe2 32. Nxe2 Kg7 33. Kf2
Kf6 34. Nc3 Be6 35. Rh4 h5 36. b3 Kg5 37. Rd4 h4 38. Ne2 c5 39. Rd6 Re8 40. g3
hxg3+ 41. Kxg3 Kf6 42. f4 Rg8+ 43. Kf2 Rh8 44. Kg2 Rg8+ 45. Ng3 Ke7 46. Rd3 a6
47. a4 b5 48. axb5 axb5 49. cxb5 Rb8 50. Nf1 c4 51. bxc4 Bxc4 52. Re3+ Kf6 53.
Ng3 Rxb5 54. h4 Rb2+ 55. Kh3 Rf2 56. Ra3 Bf1+ 57. Nxf1 Rxf1 58. Ra4 Kg6 59. Kg2
Rb1 60. Ra8 Kh5 61. Rg8 Kxh4 62. Rg5 Rb3 63. Kf2 Ra3 64. Ke2 Rb3 65. Rxf5 Kg4
66. Rf8 Ra3 67. f5 1/2-1/2

[Event "BL 0506 TV Tegernsee - SG Köln Porz"]
[Site "?"]
[Date "2005.10.22"]
[Round "1.8"]
[White "Bromberger, Stefan"]
[Black "Rotstein, Arkadij"]
[Result "1/2-1/2"]
[WhiteElo "2478"]
[BlackElo "2528"]
[PlyCount "56"]
[EventDate "2005.??.??"]

1. e4 c5 2. Nf3 d6 3. d4 cxd4 4. Nxd4 Nf6 5. Nc3 a6 6. Bg5 e6 7. f4 h6 8. Bh4
Be7 9. Qf3 Qc7 10. O-O-O Nbd7 11. Be2 Rb8 12. Qe3 b5 13. Bxf6 Bxf6 14. Bxb5 O-O
15. Bxd7 Bxd7 16. Rd3 Rfc8 17. Rhd1 e5 18. Nd5 exd4 19. Nxf6+ gxf6 20. Qf2 f5
21. R1d2 Qb6 22. Qxd4 Qxd4 23. Rxd4 fxe4 24. Rxd6 Bb5 25. b3 e3 26. Rd1 Rc3 27.
a4 e2 28. Re1 Rbc8 1/2-1/2

[Event "BL 0607 SK König Tegel - SG Porz"]
[Site "?"]
[Date "2006.10.28"]
[Round "1.2"]
[White "Stern, Rene"]
[Black "van Wely, Loek"]
[Result "1/2-1/2"]
[WhiteElo "2465"]
[BlackElo "2675"]
[PlyCount "121"]
[EventDate "2006.??.??"]

1. d4 Nf6 2. c4 e6 3. Nc3 Bb4 4. Qc2 O-O 5. a3 Bxc3+ 6. Qxc3 b6 7. Bg5 Bb7 8.
f3 h6 9. Bh4 c5 10. dxc5 bxc5 11. e3 Nc6 12. Bxf6 Qxf6 13. Qxf6 gxf6 14. O-O-O
Ne5 15. Nh3 Rab8 16. Nf2 d5 17. cxd5 Bxd5 18. Rd2 f5 19. Nd1 Rb6 20. Be2 Rfb8
21. Nc3 Bb3 22. f4 Nc6 23. Rg1 Na5 24. g4 Kf8 25. g5 hxg5 26. Rxg5 Ke7 27. h4
Bc4 28. Bd1 Ba6 29. Na4 Rc6 30. Rg3 Rcc8 31. h5 c4 32. h6 Bb7 33. Nc3 Be4 34.
Nxe4 fxe4 35. Ba4 c3 36. Rd7+ Kf6 37. b4 Nc4 38. Rg7 Rf8 39. Rxa7 Nxe3 40. Bc2
Rbd8 41. Rc7 Rd4 42. Rxc3 Nd5 43. Rcg3 Rh8 44. h7 Nxf4 45. Kb2 Rd2 46. R7g4 Ke5
47. Rh4 Rdd8 48. Rgg4 Nd3+ 49. Bxd3 exd3 50. Kc1 f5 51. Rg6 Rd7 52. Rhh6 Rhxh7
53. Rxe6+ Kd4 54. Kd2 Rxh6 55. Rxh6 f4 56. Rf6 Ke4 57. b5 Rh7 58. Re6+ Kd4 59.
Rd6+ Kc4 60. Rc6+ Kxb5 61. Rf6 1/2-1/2

[Event "BL 0607 SK König Tegel - SG Porz"]
[Site "?"]
[Date "2006.10.28"]
[Round "1.4"]
[White "Muse, Drazen"]
[Black "Sakaev, Konstantin"]
[Result "0-1"]
[WhiteElo "2407"]
[BlackElo "2642"]
[PlyCount "102"]
[EventDate "2006.??.??"]

1. Nf3 Nf6 2. c4 e6 3. d4 b6 4. g3 Ba6 5. b3 b5 6. cxb5 Bxb5 7. Nc3 Bb4 8. Bd2
Bc6 9. Bg2 O-O 10. O-O a5 11. Qc2 h6 12. Rfe1 Bxc3 13. Bxc3 Be4 14. Qb2 Nd5 15.
Rac1 f5 16. e3 Nc6 17. Ne5 Nxe5 18. dxe5 Bxg2 19. Kxg2 Qb8 20. f3 a4 21. e4
fxe4 22. fxe4 axb3 23. axb3 Nxc3 24. Rxc3 Qb4 25. Ree3 Qd4 26. Qc2 Rf7 27. Rf3
Rxf3 28. Kxf3 c6 29. Rc5 Ra1 30. Rc4 Qxe5 31. Kg2 Ra8 32. h4 Rf8 33. Rc5 Qd4
34. Rc4 Qe3 35. Rc3 Qd4 36. Rc4 Qf6 37. Qe2 Qa1 38. Ra4 Qc3 39. Ra7 Qd4 40. Ra4
Qb6 41. Ra3 Kh7 42. Qd2 Qb5 43. Qd1 Qe5 44. Qc2 Qd4 45. Ra2 Qe3 46. Kh2 Rf3 47.
e5+ Qd3 48. Qg2 Qxb3 49. Rd2 Qe3 50. Re2 Qd3 51. Rd2 Qf5 0-1

[Event "BL 0607 SK König Tegel - SG Porz"]
[Site "?"]
[Date "2006.10.28"]
[Round "1.5"]
[White "Korneev, Oleg"]
[Black "Tomczak, Rainer"]
[Result "1-0"]
[WhiteElo "2638"]
[BlackElo "2323"]
[PlyCount "107"]
[EventDate "2006.??.??"]

1. e4 c5 2. Nf3 Nc6 3. d4 cxd4 4. Nxd4 e5 5. Nb5 a6 6. Nd6+ Bxd6 7. Qxd6 Qf6 8.
Qxf6 Nxf6 9. Nc3 Nb4 10. Kd2 d6 11. a3 Nc6 12. Ke1 Be6 13. Be3 d5 14. exd5 Nxd5
15. Nxd5 Bxd5 16. f3 O-O-O 17. Kf2 Be6 18. Bd3 Nd4 19. Rhe1 Rhe8 20. Bxd4 exd4
21. Re4 Rd6 22. Rae1 Red8 23. Ke2 Kc7 24. Kd2 h6 25. f4 g6 26. Re5 Bd5 27. g3
b5 28. h4 Rf6 29. Re7+ Rd7 30. Re8 g5 31. hxg5 hxg5 32. fxg5 Rf2+ 33. R1e2 Rf3
34. g4 Bc4 35. Bf5 Bxe2 36. Bxd7 Bc4 37. Bf5 Rf2+ 38. Kd1 Rf4 39. b3 Be6 40. g6
Bxf5 41. gxf5 fxg6 42. fxg6 Rg4 43. Re7+ Kd8 44. Re6 a5 45. Ke2 a4 46. Kf3 Rg1
47. bxa4 bxa4 48. Ke4 Rg2 49. Kf5 Rf2+ 50. Kg5 Rxc2 51. g7 Rg2+ 52. Kh6 Rh2+
53. Kg6 Kd7 54. Re5 1-0

[Event "BL 0607 SK König Tegel - SG Porz"]
[Site "?"]
[Date "2006.10.28"]
[Round "1.7"]
[White "van den Doel, Erik"]
[Black "Sarbok, Torsten"]
[Result "1/2-1/2"]
[WhiteElo "2577"]
[BlackElo "2325"]
[PlyCount "100"]
[EventDate "2006.??.??"]

1. e4 c6 2. d4 d5 3. e5 Bf5 4. Be3 e6 5. Nd2 Qb6 6. Nb3 a5 7. a4 Na6 8. c3 h5
9. Nf3 Be7 10. Be2 Bg6 11. O-O Nh6 12. Bd2 h4 13. c4 dxc4 14. Nxa5 Qxb2 15.
Nxc4 Qc2 16. Qxc2 Bxc2 17. Rfc1 Be4 18. Ng5 Bg6 19. Na5 Nb4 20. Nxb7 Nc2 21.
Ra2 Nxd4 22. Bd1 O-O 23. Nf3 Nhf5 24. Nxd4 Nxd4 25. Be3 Nf5 26. a5 Rfb8 27. Nd6
Nxe3 28. fxe3 Bd3 29. Bc2 Bb5 30. Be4 Bxd6 31. exd6 Ra6 32. Rac2 Rxa5 33. Bxc6
Bxc6 34. Rxc6 Rd5 35. Rc8+ Rxc8 36. Rxc8+ Kh7 37. Rd8 Kg6 38. Kf2 Kf6 39. Kf3
Rd2 40. h3 g6 41. Rd7 Rd1 42. Ke2 Rd5 43. Kf3 Rd2 44. g3 hxg3 45. Kxg3 e5 46.
Kf3 Ke6 47. Re7+ Kf6 48. Rd7 Ke6 49. Re7+ Kf6 50. Rd7 Ke6 1/2-1/2

[Event "BL 0607 SC König Tegel - SG Porz"]
[Site "?"]
[Date "2006.10.28"]
[Round "1.8"]
[White "Pachow, Joerg"]
[Black "Kritz, Leonid"]
[Result "0-1"]
[WhiteElo "2290"]
[BlackElo "2578"]
[PlyCount "120"]
[EventDate "2006.??.??"]

1. e4 c5 2. Nf3 Nc6 3. Nc3 g6 4. d4 cxd4 5. Nxd4 Bg7 6. Nb3 Nf6 7. Be2 d6 8.
O-O O-O 9. Bg5 a5 10. a4 Be6 11. f4 Rc8 12. Kh1 Re8 13. Bh4 Nb4 14. Nd4 Bc4 15.
Ndb5 Qb6 16. Bxc4 Rxc4 17. Qe2 Qc6 18. Na7 Qa6 19. Nab5 Rec8 20. Rad1 b6 21. f5
R4c5 22. Bf2 R5c6 23. Bd4 Re8 24. e5 dxe5 25. Bxe5 Rf8 26. Rd2 Qa8 27. Nd4 Rcc8
28. fxg6 hxg6 29. Nf3 Qc6 30. Nb5 Qb7 31. Rfd1 Na6 32. b3 Nc5 33. Nc3 Nfe4 34.
Nxe4 Qxe4 35. Bxg7 Kxg7 36. Qf2 Qf4 37. Re2 Rfd8 38. Rde1 e6 39. g3 Qf5 40. Ne5
Qxf2 41. Rxf2 f5 42. g4 Ne4 43. Rg2 Kf6 44. Nc4 Rc6 45. h4 Rh8 46. Rh2 e5 47.
h5 Re6 48. hxg6 Nf2+ 49. Kg1 Rxh2 50. gxf5 Rh1+ 51. Kxf2 Rxe1 52. fxe6 Rc1 53.
e7 Rxc2+ 54. Ke3 Kxe7 55. Kd3 Rg2 56. Nxe5 Kd6 57. Kd4 Rg3 58. Ke4 Rxb3 59. Kf4
Rc3 60. g7 Rc8 0-1

[Event "BL 0607 SC Kreuzberg - SC Remagen"]
[Site "?"]
[Date "2006.10.28"]
[Round "1.2"]
[White "Sargissian, Gabriel"]
[Black "Fedorchuk, Sergey"]
[Result "1-0"]
[WhiteElo "2667"]
[BlackElo "2599"]
[PlyCount "68"]
[EventDate "2006.??.??"]

1. d4 Nf6 2. c4 e6 3. Nf3 Bb4+ 4. Nbd2 O-O 5. a3 Be7 6. e4 d5 7. e5 Nfd7 8. b4
a5 9. b5 c5 10. Bb2 cxd4 11. Be2 Nc5 12. Nxd4 Nbd7 13. N4f3 b6 14. cxd5 exd5
15. Nf1 Bb7 16. Ne3 f6 17. exf6 Bxf6 18. Bxf6 Nxf6 19. O-O Qd7 20. Nd4 Rae8 21.
Bf3 Nfe4 22. Qc2 Rf6 23. Rad1 Ng5 24. Bg4 Qf7 25. Nc6 Bxc6 26. bxc6 Rxc6 27.
Rxd5 h6 28. Bd7 Nxd7 29. Qxc6 Ne5 30. Qb5 Nh3+ 31. gxh3 Nf3+ 32. Kh1 Nh4 33.
Rf5 Nxf5 34. Qxf5 Qxf5 {ZUE} 1-0

[Event "BL 0607 SC Kreuzberg - SC Remagen"]
[Site "?"]
[Date "2006.10.28"]
[Round "1.3"]
[White "Degraeve, Jean-Marc"]
[Black "Socko, Bartosz"]
[Result "1/2-1/2"]
[WhiteElo "2551"]
[BlackElo "2621"]
[PlyCount "95"]
[EventDate "2006.??.??"]

1. e4 e5 2. Nf3 Nc6 3. Bb5 a6 4. Ba4 Nf6 5. O-O Be7 6. Re1 b5 7. Bb3 d6 8. c3
O-O 9. h3 Nb8 10. d4 Nbd7 11. Nbd2 Bb7 12. Bc2 Re8 13. Nf1 Bf8 14. Ng3 g6 15.
a4 Bg7 16. Bd3 c6 17. Bg5 Qe7 18. Qd2 Qf8 19. Qc2 Bh6 20. Bxh6 Qxh6 21. b4 Qf4
22. Ne2 Qh6 23. Nc1 Rac8 24. Nb3 c5 25. dxc5 dxc5 26. bxc5 Nxc5 27. Nxc5 Rxc5
28. axb5 axb5 29. Ra7 Re7 30. Qb2 Qf8 31. Qb4 Rec7 32. Bxb5 Rxc3 33. Qa5 Qb8
34. Qb6 Kg7 35. Nxe5 Rc1 36. Ra1 Rxa1 37. Rxa1 Qd8 38. Bf1 Bxe4 39. Ra7 Nd5 40.
Qd4 Rxa7 41. Qxa7 Nc7 42. Qe3 Bd5 43. Ng4 f6 44. Qh6+ Kg8 45. Qf4 f5 46. Ne3
Bf7 47. Bc4 Qe7 48. Bxf7+ 1/2-1/2

[Event "BL 0607 SC Kreuzberg - SC Remagen"]
[Site "?"]
[Date "2006.10.28"]
[Round "1.4"]
[White "Luther, Thomas"]
[Black "Popovic, Petar"]
[Result "1-0"]
[WhiteElo "2589"]
[BlackElo "2483"]
[PlyCount "75"]
[EventDate "2006.??.??"]

1. e4 c5 2. Nf3 d6 3. d4 cxd4 4. Nxd4 Nf6 5. Nc3 a6 6. Bg5 e6 7. f4 Be7 8. Qf3
Qc7 9. O-O-O Bd7 10. e5 dxe5 11. fxe5 Nd5 12. Bxe7 Nxe7 13. Ne4 Qxe5 14. Nxe6
Bxe6 15. Nd6+ Kf8 16. Nxf7 Qf6 17. Nxh8 Nbc6 18. Qxf6+ gxf6 19. Rd6 Bg8 20.
Rxf6+ Kg7 21. Rf4 Kxh8 22. Bc4 Ng6 23. Re4 Bxc4 24. Rxc4 Rf8 25. g4 Rf2 26. h4
Kg7 27. Re4 Nge5 28. Rd1 Kf7 29. b3 Ke6 30. Rd2 Rf1+ 31. Kb2 Rh1 32. g5 Kf5 33.
Ra4 Ng6 34. Rd7 Rxh4 35. Rxh4 Nxh4 36. Rxh7 Kxg5 37. Rxb7 Nf5 38. Rb6 1-0

[Event "BL 0607 SC Kreuzberg - SC Remagen"]
[Site "?"]
[Date "2006.10.28"]
[Round "1.5"]
[White "Bindrich, Falko"]
[Black "Kalinitschew, Sergey"]
[Result "1-0"]
[WhiteElo "2482"]
[BlackElo "2499"]
[PlyCount "105"]
[EventDate "2006.??.??"]

1. e4 c5 2. Nf3 Nc6 3. Nc3 e5 4. Bc4 Be7 5. d3 d6 6. Nd2 Bg5 7. Nf1 Bxc1 8.
Rxc1 Nf6 9. Ne3 O-O 10. O-O Be6 11. Ncd5 Rb8 12. a3 b5 13. Ba2 b4 14. axb4 Nxb4
15. Nxf6+ Qxf6 16. Bc4 Bxc4 17. Nxc4 d5 18. exd5 Nxd5 19. Re1 Rfe8 20. Ra1 Rb7
21. Qg4 Rbe7 22. Ra5 Nb4 23. Rxc5 Nxc2 24. Rexe5 g6 25. Qe4 Qa6 26. h3 Qa1+ 27.
Kh2 Rxe5 28. Rxe5 Rf8 29. d4 Qc1 30. Re7 Nb4 31. Ne5 Qxb2 32. Nd7 Qc2 33. Nxf8
Qxe4 34. Rxe4 Kxf8 35. Kg3 a5 36. Re1 Nc2 37. Rd1 Ke7 38. Kf3 Kd6 39. Ke4 Nb4
40. g4 Nd5 41. Ra1 a4 42. h4 h6 43. Kd3 Nb6 44. Kc3 Kd5 45. f3 Kc6 46. Re1 Nd5+
47. Kc4 Nb6+ 48. Kb4 Kd5 49. Kc3 Kd6 50. Re5 Nd5+ 51. Kc4 Nb6+ 52. Kb4 Kc6 53.
Ra5 1-0

[Event "BL 0607 SC Kreuzberg - SC Remagen"]
[Site "?"]
[Date "2006.10.28"]
[Round "1.6"]
[White "Tischbierek, Raj"]
[Black "Belkhodja, Slim"]
[Result "1/2-1/2"]
[WhiteElo "2486"]
[BlackElo "2475"]
[PlyCount "122"]
[EventDate "2006.??.??"]

1. e4 c5 2. Nc3 Nc6 3. Nge2 e6 4. d4 d5 5. exd5 exd5 6. dxc5 d4 7. Ne4 Qd5 8.
N2g3 h5 9. Bd3 h4 10. Qf3 Be6 11. Nf5 Kd7 12. Ng5 Qxf3 13. Nxf3 h3 14. N5xd4
hxg2 15. Rg1 Bd5 16. Bf5+ Ke8 17. Bf4 Bxc5 18. O-O-O Nge7 19. Bg4 Kf8 20. Nxc6
bxc6 21. c4 Bxc4 22. Ne5 Ng6 23. Nxg6+ fxg6 24. Bf3 Kg8 25. Bxc6 Rf8 26. Bg3
Bxa2 27. Rxg2 Rc8 28. Bd5+ Bxd5 29. Rxd5 Bxf2+ 30. Kb1 Bxg3 31. hxg3 Rh5 32.
Rd7 a5 33. Re2 Kh7 34. Ree7 Rg8 35. Ra7 Kh6 36. Ka2 Rb5 37. b3 Kg5 38. Rxg7
Rxg7 39. Rxg7 Kf5 40. Ka3 g5 41. Rc7 Kg4 42. Rc3 Kh3 43. Ka4 Rf5 44. Rd3 g4 45.
Rc3 Rf3 46. Rc5 Kxg3 47. Rxa5 Kh4 48. Ra8 Rf5 49. Rh8+ Rh5 50. Rg8 g3 51. b4
Rg5 52. Rh8+ Kg4 53. Rh1 g2 54. Rg1 Kf3 55. b5 Kf2 56. Rxg2+ Rxg2 57. b6 Ke3
58. Kb5 Kd4 59. b7 Kd5 60. Kb6 Rb2+ 61. Kc7 Rxb7+ 1/2-1/2

[Event "BL 0607 SC Kreuzberg - SC Remagen"]
[Site "?"]
[Date "2006.10.28"]
[Round "1.7"]
[White "Mainka, Romuald"]
[Black "Loeffler, Stefan"]
[Result "1/2-1/2"]
[WhiteElo "2485"]
[BlackElo "2463"]
[PlyCount "45"]
[EventDate "2006.??.??"]

1. e4 Nf6 2. e5 Nd5 3. d4 d6 4. Nf3 dxe5 5. Nxe5 c6 6. a3 g6 7. Bc4 Bg7 8. O-O
Be6 9. Qe2 Nd7 10. Re1 O-O 11. h3 Nc7 12. Nf3 Re8 13. Nbd2 c5 14. dxc5 Nxc5 15.
Ne4 Nxe4 16. Qxe4 Rc8 17. c3 Bxc4 18. Qxc4 Ne6 19. Qe2 Qa5 20. Be3 Qa4 21. Rad1
Nc5 22. Rd5 b6 23. Red1 1/2-1/2

[Event "BL 0607 SC Kreuzberg - SC Remagen"]
[Site "?"]
[Date "2006.10.28"]
[Round "1.8"]
[White "Pähtz, Elisabeth"]
[Black "Boidman, Yuri"]
[Result "0-1"]
[WhiteElo "2456"]
[BlackElo "2438"]
[PlyCount "72"]
[EventDate "2006.??.??"]

1. e4 d5 2. exd5 Nf6 3. Nf3 Nxd5 4. d4 g6 5. c4 Nb6 6. c5 Nd5 7. Qb3 Bg7 8. Bc4
c6 9. Nc3 O-O 10. O-O Nxc3 11. bxc3 b5 12. cxb6 axb6 13. Ng5 e6 14. Re1 b5 15.
Bf1 Nd7 16. a4 Qa5 17. Ra3 bxa4 18. Qd1 c5 19. d5 exd5 20. Qxd5 Nb6 21. Qd6 Bf5
22. Be3 Rac8 23. g4 Bc2 24. Qg3 Bb3 25. Qh3 h6 26. Ne4 Bd5 27. Bf4 c4 28. Nd6
Rcd8 29. Qe3 Ba8 30. Bg3 Rxd6 31. Bxd6 Qd5 32. f3 Qxd6 33. Raa1 Nd5 34. Qe4
Nxc3 35. Qxc4 Bxf3 36. Rac1 Bd4+ 0-1

[Event "BL 0607 OSC Baden Baden - Solinger SG"]
[Site "?"]
[Date "2006.10.28"]
[Round "1.3"]
[White "Stellwagen, Daniel"]
[Black "Shirov, Alexei"]
[Result "1/2-1/2"]
[WhiteElo "2576"]
[BlackElo "2720"]
[PlyCount "33"]
[EventDate "2006.??.??"]

1. e4 c5 2. Nf3 Nc6 3. Nc3 e5 4. Bc4 Be7 5. d3 d6 6. O-O Nf6 7. Ng5 O-O 8. f4
Bg4 9. Qe1 exf4 10. Bxf4 Nd4 11. Qd2 h6 12. Nf3 Be6 13. Bxh6 gxh6 14. Qxh6 Ng4
15. Qh5 Nf6 16. Qh6 Ng4 17. Qh5 1/2-1/2

[Event "BL 0607 OSC Baden Baden - Solinger SG"]
[Site "?"]
[Date "2006.10.28"]
[Round "1.5"]
[White "Naumann, Alexander"]
[Black "Movsesian, Sergei"]
[Result "0-1"]
[WhiteElo "2542"]
[BlackElo "2637"]
[PlyCount "120"]
[EventDate "2006.??.??"]

1. d4 Nf6 2. Nf3 g6 3. g3 Bg7 4. Bg2 O-O 5. O-O c6 6. c4 d6 7. Nc3 Nbd7 8. e4
e5 9. h3 Qa5 10. Re1 exd4 11. Nxd4 Ne5 12. Bf1 Re8 13. Be3 Be6 14. Nxe6 Rxe6
15. Bd2 Rae8 16. Rb1 a6 17. b4 Qd8 18. f4 Ned7 19. Bg2 b5 20. cxb5 axb5 21. a4
bxa4 22. Qxa4 Nb6 23. Qb3 d5 24. exd5 cxd5 25. Rxe6 Rxe6 26. Rd1 Nc4 27. Bc1
Ne3 28. Re1 Qe8 29. Bf3 Bf8 30. Nd1 Nf5 31. Rxe6 Qxe6 32. Kf2 Nd4 33. Qe3 Nxf3
34. Qxe6 fxe6 35. Kxf3 Bxb4 36. Nf2 Bc5 37. Nd3 Bd4 38. Ba3 Ne4 39. g4 Kf7 40.
Bc1 Ke7 41. Ba3+ Kd7 42. Bf8 Bf6 43. Ba3 Kc6 44. Ke3 Nc3 45. Ne1 Kb5 46. Nf3
Nb1 47. Bd6 Kc4 48. Be5 Bxe5 49. fxe5 Nc3 50. Nd2+ Kb4 51. Nf3 Ne4 52. Nd4 Nc5
53. h4 Kc4 54. Nf3 Nd7 55. Nd2+ Kc3 56. Nf3 Nb6 57. Ng5 d4+ 58. Kf2 d3 59. Nxe6
d2 60. Ke2 Nc4 0-1

[Event "BL 0607 OSC Baden Baden - Solinger SG"]
[Site "?"]
[Date "2006.10.28"]
[Round "1.7"]
[White "Gabriel, Christian"]
[Black "Dautov, Rustem"]
[Result "0-1"]
[WhiteElo "2540"]
[BlackElo "2577"]
[PlyCount "84"]
[EventDate "2006.??.??"]

1. e4 c6 2. d3 d5 3. Nd2 g6 4. g3 e5 5. Bg2 Bg7 6. Ngf3 Ne7 7. O-O O-O 8. b3 b6
9. Bb2 f6 10. Qe2 d4 11. b4 a5 12. a3 Be6 13. Nc4 Nd7 14. Nfd2 axb4 15. axb4
Qc7 16. c3 Rxa1 17. Rxa1 b5 18. Na3 dxc3 19. Bxc3 Nb6 20. Nf3 Na4 21. Bd2 Qd6
22. Bf1 Rd8 23. Nc2 f5 24. Ra3 h6 25. Qe3 g5 26. exf5 Nxf5 27. Qe4 Rf8 28. Bg2
Bd5 29. Qe2 Qf6 30. Nfe1 Qf7 31. Be4 Nd6 32. f3 Nxe4 33. dxe4 Bc4 34. Qf2 g4
35. Ne3 Be6 36. Nd1 Qg6 37. Qe3 gxf3 38. Nxf3 Qf7 39. Kg2 Qh5 40. Nf2 Nb2 41.
Qe2 Bc4 42. Qe3 Bf1+ 0-1

[Event "BL 0607 OSC Baden Baden - Solinger SG"]
[Site "?"]
[Date "2006.10.28"]
[Round "1.8"]
[White "Schlosser, Philipp"]
[Black "Zysk, Robert"]
[Result "1/2-1/2"]
[WhiteElo "2554"]
[BlackElo "2468"]
[PlyCount "43"]
[EventDate "2006.??.??"]

1. d4 f5 2. g3 Nf6 3. Bg2 g6 4. Nh3 Bg7 5. c4 d6 6. d5 Na6 7. Nc3 Nc5 8. O-O
O-O 9. Qc2 e5 10. dxe6 Bxe6 11. b3 c6 12. Rd1 Qe7 13. Ng5 Rad8 14. Nxe6 Qxe6
15. Be3 Ng4 16. Bxc5 dxc5 17. Rxd8 Rxd8 18. Rd1 Re8 19. Bf3 Ne5 20. Bg2 Ng4 21.
Bf3 Ne5 22. Bg2 1/2-1/2

[Event "BL 0607 SC BANN - SV Wattenscheid"]
[Site "?"]
[Date "2006.10.28"]
[Round "1.1"]
[White "Macieja, Bartlomiej"]
[Black "Laznicka, Viktor"]
[Result "1/2-1/2"]
[WhiteElo "2622"]
[BlackElo "2596"]
[PlyCount "92"]
[EventDate "2006.??.??"]

1. e4 e6 2. d4 d5 3. Nc3 dxe4 4. Nxe4 Nd7 5. Nf3 Ngf6 6. Bd3 c5 7. O-O cxd4 8.
Nxd4 Nxe4 9. Bxe4 Nf6 10. Bg5 Be7 11. Bf3 O-O 12. a4 a6 13. c3 Qc7 14. Re1 Rd8
15. Qb3 Rb8 16. Bh4 Bd6 17. h3 Bd7 18. a5 h6 19. Bxf6 gxf6 20. Qc2 Bf8 21. Ne2
Bc6 22. Bxc6 bxc6 23. Ra4 Rd5 24. Nd4 c5 25. Nf3 Qb7 26. Re2 Rbd8 27. Ra1 f5
28. Rd2 Rxd2 29. Nxd2 Qb5 30. Nf1 Rb8 31. Ra2 Qc4 32. Ra1 Qe4 33. Qxe4 fxe4 34.
Ra2 f5 35. Ne3 Kf7 36. Kf1 Bd6 37. g3 Bc7 38. Nc4 h5 39. h4 e5 40. Ra1 Ke6 41.
Rd1 f4 42. Ke2 Rg8 43. Nd2 Kf5 44. Nc4 Ke6 45. Nd2 Kf5 46. Nc4 Ke6 1/2-1/2

[Event "BL 0607 SC BANN - SV Wattenscheid"]
[Site "?"]
[Date "2006.10.28"]
[Round "1.2"]
[White "Stocek, Jiri"]
[Black "Rustemov, Alexander"]
[Result "1/2-1/2"]
[WhiteElo "2572"]
[BlackElo "2552"]
[PlyCount "83"]
[EventDate "2006.??.??"]

1. d4 d5 2. c4 e6 3. Nc3 Nf6 4. Bg5 Be7 5. Nf3 h6 6. Bxf6 Bxf6 7. Qd2 Nc6 8. e3
O-O 9. h3 a6 10. Rd1 g6 11. Qc2 Na5 12. cxd5 exd5 13. Bd3 Nc6 14. a3 Bg7 15.
O-O Ne7 16. e4 dxe4 17. Bxe4 Be6 18. Rfe1 c6 19. Na4 Bd5 20. Nc5 Qc7 21. Bxd5
Nxd5 22. Ne5 Rfe8 23. h4 Re7 24. h5 g5 25. Qf5 Rae8 26. Ncd3 Qc8 27. Qf3 f5 28.
Ng6 Rxe1+ 29. Rxe1 Rxe1+ 30. Nxe1 Qe6 31. Qd1 g4 32. Nd3 Bxd4 33. Ndf4 Nxf4 34.
Nxf4 Qc4 35. g3 Kf7 36. Qb1 Kf6 37. Qe1 Be5 38. Qa5 Bxf4 39. Qd8+ Kg7 40. Qd7+
Qf7 41. Qd4+ Kh7 42. Qxf4 1/2-1/2

[Event "BL 0607 SC BANN - SV Wattenscheid"]
[Site "?"]
[Date "2006.10.28"]
[Round "1.3"]
[White "Czarnota, Pawel"]
[Black "Cvek, Robert"]
[Result "1/2-1/2"]
[WhiteElo "2554"]
[BlackElo "2512"]
[PlyCount "111"]
[EventDate "2006.??.??"]

1. e4 c5 2. Nf3 Nc6 3. Bb5 g6 4. O-O Bg7 5. c3 Nf6 6. Qa4 a6 7. Re1 O-O 8. d4
Na5 9. Bf1 b5 10. Qa3 cxd4 11. cxd4 d5 12. e5 Ne4 13. Nbd2 Nxd2 14. Bxd2 Nc4
15. Bxc4 dxc4 16. Bg5 Ra7 17. d5 h6 18. Be3 Rd7 19. Bc5 Bb7 20. d6 exd6 21.
Bxd6 Re8 22. Nd4 Qg5 23. Qh3 Rdd8 24. Nf3 Qf4 25. Re3 Bc8 26. Qg3 Qxg3 27. hxg3
Bb7 28. a4 Bf8 29. axb5 Bxd6 30. exd6 Rxe3 31. fxe3 axb5 32. Ra5 Rxd6 33. Rxb5
Rd1+ 34. Kf2 Be4 35. Rb4 Bd3 36. e4 Rb1 37. Ke3 Rc1 38. Kd4 Bf1 39. Ne5 Bxg2
40. Rxc4 Re1 41. Kd5 h5 42. b4 g5 43. b5 Rb1 44. Kc6 h4 45. gxh4 gxh4 46. b6 h3
47. Ng4 f5 48. Nh6+ Kh7 49. Nxf5 h2 50. Ng3 Rb3 51. b7 Rxg3 52. b8=Q Rg6+ 53.
Kd5 h1=Q 54. Rc7+ Rg7 55. Rxg7+ Kxg7 56. Qe5+ 1/2-1/2

[Event "BL 0607 SC BANN - SV Wattenscheid"]
[Site "?"]
[Date "2006.10.28"]
[Round "1.5"]
[White "Holzke, Frank Dr"]
[Black "Slobodjan, Roman"]
[Result "1/2-1/2"]
[WhiteElo "2461"]
[BlackElo "2525"]
[PlyCount "62"]
[EventDate "2006.??.??"]

1. e4 e5 2. Nf3 Nc6 3. Bb5 a6 4. Ba4 Nf6 5. O-O Be7 6. Re1 b5 7. Bb3 d6 8. c3
O-O 9. h3 Na5 10. Bc2 c5 11. d4 Qc7 12. Nbd2 cxd4 13. cxd4 Rd8 14. b3 Nc6 15.
Bb2 exd4 16. Nxd4 Nxd4 17. Bxd4 Be6 18. Rc1 Qa5 19. Bb1 Rac8 20. Nf3 Rxc1 21.
Qxc1 Rc8 22. Qe3 Ne8 23. Rd1 Qc7 24. Ng5 Bf6 25. Bxf6 Nxf6 26. Kh2 h6 27. Nxe6
fxe6 28. Qg3 e5 29. Qd3 Rd8 30. Qd2 d5 31. exd5 Rxd5 1/2-1/2

[Event "BL 0607 SC BANN - SV Wattenscheid"]
[Site "?"]
[Date "2006.10.28"]
[Round "1.6"]
[White "Muraniy, Karl-Jasmin"]
[Black "Handke, Florian"]
[Result "1/2-1/2"]
[WhiteElo "2357"]
[BlackElo "2459"]
[PlyCount "53"]
[EventDate "2006.??.??"]

1. e4 g6 2. d4 Bg7 3. c3 d6 4. Be3 Nd7 5. Nd2 e6 6. Ne2 Ne7 7. g3 b6 8. Bg2 Bb7
9. O-O O-O 10. Rc1 Rc8 11. b4 a6 12. Qb3 Rb8 13. f3 c5 14. Rfd1 Qc7 15. Qa3 c4
16. Qb2 b5 17. g4 Nb6 18. Nf1 Ra8 19. Qd2 a5 20. a3 axb4 21. axb4 Ra6 22. Bh6
Rfa8 23. Bxg7 Kxg7 24. Nfg3 Ng8 25. f4 Qe7 26. g5 Ra2 27. Ra1 1/2-1/2